| 000 | 01307 a2200193 4500 | ||
|---|---|---|---|
| 003 | Nust | ||
| 005 | 20230718115240.0 | ||
| 010 | _a 75009011 | ||
| 020 | _a0201038307 | ||
| 040 | _cNust | ||
| 082 | 0 | 0 | _a621.3,KLA |
| 100 | 1 |
_aKlayton, Marvin H. _9113705 |
|
| 245 | 1 | 0 |
_aFundamental electrical technology / _cMarvin H. Klayton. |
| 260 |
_aReading, Mass _bAddison-Wesley _c1977 |
||
| 300 |
_axv, 710 p. : _bill. ; _c25 cm. |
||
| 505 | _a0 Introductory Topic (Page-1), Electrical Currents (Page-25), Elementary Electrical Circuits (Page-61), The Laws of Circuits and Circuits Solutions (Page-95), Magnetism (Page-165), Electromagnetism (Page-177), Electromagnetic Indication (Page-209) Inductance in Direct- Current Circuits (Page-225), Capacitance (Page-263), Dynamics and Trigonometry (Page-297), Element of Alternating – current Circuits (Page-323), Alternating – Current Circuit Calculations (Page-379), Ac Circuit Network Solution (Page-423), Polyphone Circuits (Page-451), The Close- Coupled Transformer (Page-469), Attenuation and Gain in Electrical Systems (Page-499), Resonant Circuits (Page-523), Filters Attenuators and Notching Network (Page-559), Electrical Signals (Page-603), Electrical Measurements and Instrument (Page-629). | ||
| 650 | 0 | _aElectrical engineering. | |
| 942 |
_2ddc _cBKB |
||
| 999 |
_c190988 _d190988 |
||